| 000 | 01332cam a2200301Mi 4500 | ||
|---|---|---|---|
| 001 | learnwordnowform00ramp | ||
| 003 | CaSfIA | ||
| 005 | 20210118163505.0 | ||
| 007 | cr|||| | ||
| 008 | 891129s1989 wau 000 0 und d | ||
| 040 |
_aDE-604 _bger _cDEBBG _dCaSfIA |
||
| 020 | _a1556151322 | ||
| 020 | _a9781556151323 | ||
| 035 | _a(OCoLC)634410642 | ||
| 100 | 1 | _aRampa, Janet. | |
| 245 | 0 | 0 |
_aLearn WORD now : _h[electronic resource] _bfor Microsoft Word Version 5. |
| 260 |
_aRedmond, Wash. : _bMicrosoft Pr., _c1989. |
||
| 300 | _aXII, 400 S. | ||
| 500 | _aFrüher u.d.T.: Rampa, Janet: Getting started with Microsoft Word. | ||
| 700 | 1 |
_aRampa, Janet. _tGetting started with Mirosoft Word. |
|
| 029 | 0 |
_aDEBBG _bBV021887550 |
|
| 029 | 1 |
_aCHVBK _b10955700X |
|
| 856 | 4 | 1 |
_uhttp://www.archive.org/details/learnwordnowform00ramp _zFree eBook from the Internet Archive |
| 856 | 4 | 2 |
_uhttp://www.openlibrary.org/books/OL2054863M _zAdditional information and access via Open Library |
| 942 | _cEB | ||
| 506 | _fНеобхідна авторизація на https://archive.org/ (створення облікового запису безкоштовно) | ||
| 506 | _fНеобхідна авторизація на https://openlibrary.org/ (створення облікового запису безкоштовно) | ||
| 999 |
_c517718 _d517718 |
||